[Event "DEM U12w 2021"]
[Site "Willingen GER"]
[Date "2021.08.29"]
[Round "9"]
[White "Vogt, Luna"]
[Black "Hesse, Sariana"]
[Result "1-0"]
[Termination "normal"]
[Board "20"]
[WhiteElo "1147"]
[BlackElo "997"]
[WhiteClock "00:28:32"]
[BlackClock "01:03:38"]
[PlyCount "61"]
[WhiteFideId "34607153"]
[BlackFideId "34605843"]
[EventCountry "GER"]
[EventRounds "9"]
[EventType "swiss"]
[EventDate "2021.08.22"]

1. d4 {[%clk 1:30:58]} d5 {[%clk 1:30:55]} 2. c4 {[%clk 1:31:24]} e6 {[%clk
1:31:16]} 3. Nf3 {[%clk 1:31:47]} Nf6 {[%clk 1:31:25]} 4. Nc3 {[%clk 1:32:08]}
Be7 {[%clk 1:31:28]} 5. Bg5 {[%clk 1:32:11]} O-O {[%clk 1:31:28]} 6. Qc2 {[%clk
1:31:56]} Nbd7 {[%clk 1:30:50]} 7. e3 {[%clk 1:32:02]} Re8 {[%clk 1:31:07]} 8.
Bd3 {[%clk 1:30:46]} Nf8 {[%clk 1:31:11]} 9. O-O {[%clk 1:30:37]} Ng4 10. Bxe7
{[%clk 1:27:41]} Qxe7 {[%clk 1:27:58]} 11. cxd5 {[%clk 1:26:08]} c6 {[%clk
1:25:36]} 12. h3 {[%clk 1:23:15]} exd5 {[%clk 1:25:04]} 13. hxg4 {[%clk
1:00:52]} Bxg4 {[%clk 1:24:22]} 14. Rfc1 {[%clk 0:50:46]} Ng6 {[%clk 1:23:21]}
15. Nh2 {[%clk 0:45:06]} Bh5 {[%clk 1:22:32]} 16. Bxg6 {[%clk 0:44:09]} fxg6
{[%clk 1:20:59]} 17. Ne2 {[%clk 0:41:15]} g5 {[%clk 1:17:31]} 18. Ng3 {[%clk
0:39:44]} Bg6 {[%clk 1:16:08]} 19. Qe2 {[%clk 0:39:15]} Qf7 {[%clk 1:14:46]}
20. Nf3 {[%clk 0:37:00]} Bh5 {[%clk 1:12:51]} 21. Nxg5 {[%clk 0:35:17]} Bxe2
{[%clk 1:09:45]} 22. Nxf7 {[%clk 0:35:35]} Kxf7 {[%clk 1:09:50]} 23. Nxe2
{[%clk 0:35:54]} Rac8 {[%clk 1:08:28]} 24. Rc3 {[%clk 0:31:37]} b6 {[%clk
1:07:09]} 25. b4 {[%clk 0:31:13]} Re7 {[%clk 1:05:54]} 26. Rac1 {[%clk
0:29:47]} Rec7 {[%clk 1:05:04]} 27. Nf4 {[%clk 0:29:23]} g5 {[%clk 1:03:37]}
28. Nxd5 {[%clk 0:28:46]} Rd7 {[%clk 1:03:28]} 29. Nxb6 {[%clk 0:27:58]} axb6
{[%clk 1:03:25]} 30. Rxc6 {[%clk 0:28:15]} Rxc6 {[%clk 1:03:38]} 31. Rxc6
{[%clk 0:28:32]} 1-0

[Event "DEM U10w 2021"]
[Site "Willingen GER"]
[Date "2021.08.23"]
[Round "1"]
[White "Czäczine, Paula"]
[Black "Rößler, Helena"]
[Result "1-0"]
[Termination "normal"]
[Board "1"]
[WhiteElo "1127"]
[BlackElo "1123"]
[WhiteClock "00:21:23"]
[BlackClock "00:05:07"]
[PlyCount "95"]
[WhiteFideId "16249305"]
[BlackFideId "16266692"]
[EventCountry "GER"]
[EventRounds "11"]
[EventType "swiss"]
[EventDate "2021.08.22"]

1. e4 {[%clk 01:15:56]} {[%emt 00:00:03]} e5 {[%clk 01:15:49]} {[%emt
00:00:11]} 2. Nf3 {[%clk 01:16:17]} {[%emt 00:00:08]} Nc6 {[%clk 01:16:14]}
{[%emt 00:00:07]} 3. d4 {[%clk 01:16:31]} {[%emt 00:00:16]} exd4 {[%clk
01:16:22]} {[%emt 00:00:21]} 4. Nxd4 {[%clk 01:16:44]} {[%emt 00:00:16]} Bc5
{[%clk 01:16:07]} {[%emt 00:00:47]} 5. Be3 {[%clk 01:16:56]} {[%emt 00:00:16]}
Qf6 {[%clk 01:15:30]} {[%emt 00:01:07]} 6. c3 {[%clk 01:17:03]} {[%emt
00:00:25]} Nge7 {[%clk 01:14:18]} {[%emt 00:01:40]} 7. Bc4 {[%clk 01:16:56]}
{[%emt 00:00:38]} Ne5 {[%clk 01:13:14]} {[%emt 00:01:34]} 8. Be2 {[%clk
01:16:57]} {[%emt 00:00:28]} Qg6 {[%clk 01:11:47]} {[%emt 00:01:58]} 9. O-O
{[%clk 01:16:52]} {[%emt 00:00:35]} d6 {[%clk 01:09:58]} {[%emt 00:02:19]} 10.
Nd2 {[%clk 01:01:42]} {[%emt 00:15:39]} O-O {[%clk 01:05:50]} {[%emt 00:04:39]}
11. Kh1 {[%clk 00:55:59]} {[%emt 00:06:13]} d5 {[%clk 01:01:44]} {[%emt
00:04:37]} 12. Bh5 {[%clk 00:49:17]} {[%emt 00:07:12]} Qb6 {[%clk 00:50:02]}
{[%emt 00:11:55]} 13. b4 {[%clk 00:39:24]} {[%emt 00:10:40]} Bxd4 {[%clk
00:35:20]} {[%emt 00:15:12]} 14. Bxd4 {[%clk 00:39:35]} {[%emt 00:00:18]} Qd6
{[%clk 00:30:07]} {[%emt 00:05:43]} 15. f4 {[%clk 00:33:33]} {[%emt 00:06:32]}
N5c6 {[%clk 00:24:27]} {[%emt 00:06:10]} 16. Bc5 {[%clk 00:31:17]} {[%emt
00:02:47]} Qd8 {[%clk 00:22:01]} {[%emt 00:02:56]} 17. b5 {[%clk 00:29:15]}
{[%emt 00:02:32]} Na5 {[%clk 00:18:45]} {[%emt 00:03:45]} 18. exd5 {[%clk
00:28:21]} {[%emt 00:01:24]} b6 {[%clk 00:15:52]} {[%emt 00:03:24]} 19. Bb4
{[%clk 00:27:50]} {[%emt 00:01:00]} Bb7 {[%clk 00:08:41]} {[%emt 00:07:41]} 20.
c4 {[%clk 00:24:47]} {[%emt 00:03:32]} Re8 {[%clk 00:01:50]} {[%emt 00:07:20]}
21. Qg4 {[%clk 00:21:15]} {[%emt 00:04:03]} Qc8 {[%clk 00:01:30]} {[%emt
00:00:51]} 22. Qg5 {[%clk 00:20:05]} {[%emt 00:01:40]} Qf5 {[%clk 00:01:34]}
{[%emt 00:00:26]} 23. Bxe7 {[%clk 00:19:59]} {[%emt 00:00:36]} Qxg5 {[%clk
00:01:48]} {[%emt 00:00:16]} 24. Bxg5 {[%clk 00:20:20]} {[%emt 00:00:10]} a6
{[%clk 00:01:32]} {[%emt 00:00:46]} 25. a4 {[%clk 00:19:11]} {[%emt 00:01:38]}
axb5 {[%clk 00:01:43]} {[%emt 00:00:19]} 26. axb5 {[%clk 00:19:27]} {[%emt
00:00:14]} f6 {[%clk 00:00:55]} {[%emt 00:01:18]} 27. Bxe8 {[%clk 00:19:37]}
{[%emt 00:00:20]} Rxe8 {[%clk 00:01:15]} {[%emt 00:00:09]} 28. Bh4 {[%clk
00:19:52]} {[%emt 00:00:16]} Re2 {[%clk 00:01:17]} {[%emt 00:00:27]} 29. Rad1
{[%clk 00:19:50]} {[%emt 00:00:33]} Re8 {[%clk 00:01:12]} {[%emt 00:00:36]} 30.
h3 {[%clk 00:19:53]} {[%emt 00:00:27]} Bc8 {[%clk 00:01:21]} {[%emt 00:00:20]}
31. Rde1 {[%clk 00:19:58]} {[%emt 00:00:24]} Rf8 {[%clk 00:01:24]} {[%emt
00:00:28]} 32. Re7 {[%clk 00:20:07]} {[%emt 00:00:22]} Nb7 {[%clk 00:01:26]}
{[%emt 00:00:27]} 33. Rxc7 {[%clk 00:20:06]} {[%emt 00:00:31]} Re8 {[%clk
00:01:21]} {[%emt 00:00:35]} 34. Re1 {[%clk 00:20:00]} {[%emt 00:00:36]} Rf8
{[%clk 00:01:32]} {[%emt 00:00:19]} 35. Ree7 {[%clk 00:20:10]} {[%emt
00:00:21]} Rd8 {[%clk 00:01:17]} {[%emt 00:00:44]} 36. Rxg7+ {[%clk 00:20:27]}
{[%emt 00:00:13]} Kf8 {[%clk 00:01:34]} {[%emt 00:00:14]} 37. Bxf6 {[%clk
00:19:27]} {[%emt 00:01:30]} Rd6 {[%clk 00:01:40]} {[%emt 00:00:23]} 38. Rxc8+
{[%emt 00:00:31]} Rd8 {[%clk 00:01:56]} 39. Rxd8+ {[%clk 00:19:34]} {[%emt
00:00:36]} Nxd8 {[%clk 00:02:15]} {[%emt 00:00:11]} 40. Rxh7 {[%clk 00:19:33]}
{[%emt 00:00:31]} Kg8 {[%clk 00:02:31]} {[%emt 00:00:14]} 41. Bxd8 {[%clk
00:19:44]} {[%emt 00:00:20]} Kxh7 {[%clk 00:02:49]} {[%emt 00:00:11]} 42. Bxb6
{[%clk 00:20:06]} {[%emt 00:00:07]} Kh8 {[%clk 00:03:08]} {[%emt 00:00:12]} 43.
d6 {[%clk 00:20:33]} {[%emt 00:00:03]} Kh7 {[%clk 00:03:34]} {[%emt 00:00:04]}
44. d7 {[%clk 00:20:50]} {[%emt 00:00:13]} Kh8 {[%clk 00:04:00]} {[%emt
00:00:05]} 45. d8=Q+ {[%clk 00:21:11]} {[%emt 00:00:09]} Kh7 {[%clk 00:04:26]}
{[%emt 00:00:03]} 46. Qe7+ {[%clk 00:21:10]} {[%emt 00:00:32]} Kh8 {[%clk
00:04:47]} {[%emt 00:00:09]} 47. Bd4+ {[%clk 00:21:29]} {[%emt 00:00:10]} Kg8
{[%clk 00:05:07]} {[%emt 00:00:10]} 48. Qg7# {[%clk 00:21:23]} {[%emt
00:00:06]} 1-0

[Event "DEM U10w 2021"]
[Site "Willingen GER"]
[Date "2021.08.23"]
[Round "1"]
[White "Ramakrishnan, Veda"]
[Black "Rafikova, Ailin"]
[Result "0-1"]
[Termination "normal"]
[Board "2"]
[WhiteElo "1009"]
[BlackElo "1375"]
[WhiteClock "00:43:27"]
[BlackClock "00:48:46"]
[PlyCount "78"]
[WhiteFideId "16269519"]
[BlackFideId "34612173"]
[EventCountry "GER"]
[EventRounds "11"]
[EventType "swiss"]
[EventDate "2021.08.22"]

1. e4 {[%clk 01:15:59]} {[%emt 00:00:02]} e5 {[%clk 01:15:56]} {[%emt
00:00:05]} 2. f4 {[%clk 01:16:20]} {[%emt 00:00:09]} d6 {[%clk 01:16:22]}
{[%emt 00:00:03]} 3. Nf3 {[%clk 01:16:40]} {[%emt 00:00:09]} Nc6 {[%clk
01:16:33]} {[%emt 00:00:20]} 4. Bc4 {[%clk 01:16:43]} {[%emt 00:00:26]} Bg4
{[%clk 01:16:42]} {[%emt 00:00:20]} 5. h3 {[%clk 01:16:40]} {[%emt 00:00:34]}
Bd7 {[%clk 01:16:49]} {[%emt 00:00:23]} 6. Nc3 {[%clk 01:16:41]} {[%emt
00:00:30]} Nf6 {[%clk 01:17:00]} {[%emt 00:00:18]} 7. d3 {[%clk 01:16:30]}
{[%emt 00:00:41]} Be7 {[%clk 01:17:04]} {[%emt 00:00:26]} 8. Be3 {[%clk
01:16:34]} {[%emt 00:00:26]} O-O {[%clk 01:17:03]} {[%emt 00:00:32]} 9. Qd2
{[%clk 01:16:31]} {[%emt 00:00:33]} Be6 {[%clk 01:17:00]} {[%emt 00:00:34]} 10.
Bb3 {[%emt 00:03:00]} Nd7 {[%clk 01:15:51]} {[%emt 00:00:01]} 11. O-O-O {[%clk
01:15:23]} {[%emt 00:00:45]} Bxb3 {[%clk 01:15:33]} {[%emt 00:00:48]} 12. axb3
{[%clk 01:15:42]} {[%emt 00:00:10]} Nb6 {[%clk 01:14:51]} {[%emt 00:01:14]} 13.
g4 {[%clk 01:14:44]} {[%emt 00:01:27]} exf4 {[%clk 01:14:48]} {[%emt 00:00:33]}
14. Bxf4 {[%clk 01:14:58]} {[%emt 00:00:15]} a5 {[%clk 01:14:40]} {[%emt
00:00:38]} 15. Be3 {[%clk 01:14:30]} {[%emt 00:00:58]} Ra6 {[%clk 01:13:01]}
{[%emt 00:02:10]} 16. h4 {[%clk 01:13:52]} {[%emt 00:01:07]} Qd7 {[%clk
01:12:10]} {[%emt 00:01:21]} 17. g5 {[%clk 01:13:36]} {[%emt 00:00:47]} f6
{[%clk 01:10:55]} {[%emt 00:01:45]} 18. Rdg1 {[%clk 01:11:47]} {[%emt
00:02:19]} Ne5 {[%clk 01:09:35]} {[%emt 00:01:50]} 19. Qe2 {[%clk 01:10:18]}
{[%emt 00:01:59]} Rfa8 {[%clk 01:08:41]} {[%emt 00:01:24]} 20. h5 {[%clk
01:07:57]} {[%emt 00:02:51]} f5 {[%clk 01:06:30]} {[%emt 00:02:41]} 21. h6
{[%clk 01:00:29]} {[%emt 00:12:32]} g6 {[%clk 01:05:49]} {[%emt 00:01:11]} 22.
Bd4 {[%clk 00:59:40]} {[%emt 00:01:19]} Qc8 {[%clk 01:02:44]} {[%emt 00:03:35]}
23. Qh2 {[%clk 00:58:50]} {[%emt 00:01:20]} Nxf3 {[%emt 00:02:15]} 24. Qf2
{[%clk 00:57:35]} {[%emt 00:01:23]} Nxg1 {[%clk 00:59:53]} {[%emt 00:01:58]}
25. Rxg1 {[%clk 00:57:54]} {[%emt 00:00:10]} c5 {[%clk 00:58:45]} {[%emt
00:01:39]} 26. Be3 {[%clk 00:56:30]} {[%emt 00:01:54]} a4 {[%clk 00:58:22]}
{[%emt 00:00:54]} 27. Qd2 {[%clk 00:53:23]} {[%emt 00:03:36]} axb3 {[%clk
00:56:22]} {[%emt 00:02:29]} 28. cxb3 {[%clk 00:53:25]} {[%emt 00:00:29]} Ra1+
{[%clk 00:56:12]} {[%emt 00:00:40]} 29. Kc2 {[%clk 00:52:33]} {[%emt 00:01:23]}
Rxg1 {[%clk 00:56:16]} {[%emt 00:00:26]} 30. Bxg1 {[%clk 00:52:54]} {[%emt
00:00:08]} fxe4 {[%clk 00:55:32]} {[%emt 00:01:14]} 31. Nxe4 {[%clk 00:52:22]}
{[%emt 00:01:02]} Qe6 {[%clk 00:54:44]} {[%emt 00:01:18]} 32. Qc3 {[%clk
00:51:30]} {[%emt 00:01:22]} Qe5 {[%clk 00:53:58]} {[%emt 00:01:16]} 33. Qd2
{[%clk 00:50:51]} {[%emt 00:01:09]} Nd5 {[%clk 00:52:46]} {[%emt 00:01:42]} 34.
Bh2 {[%clk 00:48:09]} {[%emt 00:03:11]} Qd4 {[%clk 00:52:19]} {[%emt 00:00:59]}
35. Bg3 {[%clk 00:47:34]} {[%emt 00:01:01]} Ra1 {[%clk 00:49:41]} {[%emt
00:03:11]} 36. Bf2 {[%clk 00:47:09]} {[%emt 00:00:56]} Nb4+ {[%clk 00:49:33]}
{[%emt 00:00:38]} 37. Qxb4 {[%clk 00:46:29]} {[%emt 00:01:10]} Qxb4 {[%clk
00:49:42]} {[%emt 00:00:20]} 38. Nc3 {[%clk 00:46:15]} {[%emt 00:00:45]} Qf4
{[%clk 00:49:12]} {[%emt 00:00:59]} 39. Nd5 {[%clk 00:43:27]} {[%emt 00:03:18]}
Qc1# {[%clk 00:48:46]} {[%emt 00:00:25]} 0-1

[Event "DEM U10w 2021"]
[Site "Willingen GER"]
[Date "2021.08.23"]
[Round "1"]
[White "Xiao, Yiyi"]
[Black "Müller, Ariana"]
[Result "1-0"]
[Termination "normal"]
[Board "3"]
[WhiteElo "1368"]
[BlackElo "1006"]
[WhiteClock "01:13:18"]
[BlackClock "01:10:20"]
[PlyCount "29"]
[WhiteFideId "34605665"]
[BlackFideId "34615024"]
[EventCountry "GER"]
[EventRounds "11"]
[EventType "swiss"]
[EventDate "2021.08.22"]

1. e4 {[%clk 01:15:47]} {[%emt 00:00:03]} e5 {[%clk 01:16:00]} 2. Nf3 {[%clk
01:15:41]} {[%emt 00:00:31]} Nc6 {[%clk 01:16:06]} {[%emt 00:00:38]} 3. Bc4
{[%clk 01:15:55]} {[%emt 00:00:16]} Bc5 {[%clk 01:16:25]} {[%emt 00:00:12]} 4.
Nc3 {[%clk 01:16:05]} {[%emt 00:00:19]} Nf6 {[%clk 01:16:41]} {[%emt 00:00:15]}
5. d3 {[%clk 01:15:56]} {[%emt 00:00:39]} d6 {[%clk 01:16:53]} {[%emt
00:00:17]} 6. Bg5 {[%clk 01:16:06]} {[%emt 00:00:20]} h6 {[%clk 01:16:36]}
{[%emt 00:00:45]} 7. Bh4 {[%clk 01:16:18]} {[%emt 00:00:19]} g5 {[%clk
01:16:46]} {[%emt 00:00:21]} 8. Nxg5 {[%clk 01:15:10]} {[%emt 00:01:38]} hxg5
{[%clk 01:16:03]} {[%emt 00:01:08]} 9. Bxg5 {[%clk 01:15:14]} {[%emt 00:00:31]}
Rg8 {[%clk 01:15:47]} {[%emt 00:00:45]} 10. h4 {[%clk 01:14:37]} {[%emt
00:01:08]} Rg6 {[%clk 01:15:06]} {[%emt 00:01:11]} 11. Nd5 {[%clk 01:14:06]}
{[%emt 00:01:01]} Rxg5 {[%clk 01:10:54]} {[%emt 00:04:42]} 12. hxg5 {[%clk
01:13:22]} {[%emt 00:01:14]} Ng4 {[%clk 01:11:07]} {[%emt 00:00:16]} 13. Rh8+
{[%clk 01:12:56]} {[%emt 00:00:56]} Kd7 {[%clk 01:11:01]} {[%emt 00:00:37]} 14.
Qxg4+ {[%clk 01:13:06]} {[%emt 00:00:19]} f5 {[%clk 01:10:20]} {[%emt
00:01:12]} 15. Qxf5# {[%clk 01:13:18]} {[%emt 00:00:18]} 1-0

[Event "DEM U10w 2021"]
[Site "Willingen GER"]
[Date "2021.08.23"]
[Round "1"]
[White "Bacakova, Klara"]
[Black "Leicher, Anna"]
[Result "1/2-1/2"]
[Termination "normal"]
[Board "6"]
[WhiteElo "955"]
[BlackElo "1249"]
[WhiteClock "00:11:36"]
[BlackClock "01:00:01"]
[PlyCount "134"]
[WhiteFideId "34605762"]
[BlackFideId "34614966"]
[EventCountry "GER"]
[EventRounds "11"]
[EventType "swiss"]
[EventDate "2021.08.22"]

1. d4 {[%clk 01:15:55]} {[%emt 00:00:04]} d5 {[%clk 01:15:53]} {[%emt
00:00:08]} 2. c4 {[%clk 01:16:08]} {[%emt 00:00:17]} Nf6 {[%clk 01:15:56]}
{[%emt 00:00:27]} 3. Nc3 {[%clk 01:14:48]} {[%emt 00:01:50]} Nc6 {[%clk
01:15:42]} {[%emt 00:00:44]} 4. Nf3 {[%clk 01:14:33]} {[%emt 00:00:44]} Bf5
{[%clk 01:15:45]} {[%emt 00:00:27]} 5. Bf4 {[%clk 01:13:20]} {[%emt 00:01:43]}
Nb4 {[%clk 01:14:52]} {[%emt 00:01:24]} 6. Qa4+ {[%clk 01:11:30]} {[%emt
00:02:20]} Nc6 {[%clk 01:14:57]} {[%emt 00:00:24]} 7. e3 {[%clk 01:09:28]}
{[%emt 00:02:32]} Qd7 {[%clk 01:14:29]} {[%emt 00:00:58]} 8. Be2 {[%clk
01:04:10]} {[%emt 00:05:48]} e6 {[%clk 01:14:00]} {[%emt 00:01:00]} 9. cxd5
{[%clk 01:02:52]} {[%emt 00:01:47]} exd5 {[%emt 00:01:26]} 10. O-O {[%clk
00:58:24]} {[%emt 00:04:31]} O-O-O {[%clk 01:13:03]} {[%emt 00:00:58]} 11. a3
{[%clk 00:53:44]} {[%emt 00:05:11]} Ne4 {[%clk 01:08:12]} {[%emt 00:05:20]} 12.
Nxe4 {[%clk 00:48:39]} {[%emt 00:05:35]} dxe4 {[%clk 01:07:08]} {[%emt
00:01:33]} 13. Nh4 {[%clk 00:47:36]} {[%emt 00:01:34]} Bg6 {[%clk 01:05:37]}
{[%emt 00:02:00]} 14. Nxg6 {[%clk 00:47:27]} {[%emt 00:00:40]} hxg6 {[%clk
01:05:45]} {[%emt 00:00:21]} 15. h3 {[%clk 00:45:48]} {[%emt 00:02:11]} a6
{[%clk 01:04:53]} {[%emt 00:01:23]} 16. Bg4 {[%clk 00:45:45]} {[%emt 00:00:31]}
f5 {[%clk 01:05:14]} {[%emt 00:00:10]} 17. Be2 {[%clk 00:44:36]} {[%emt
00:01:34]} Ne5 {[%clk 01:02:10]} {[%emt 00:03:38]} 18. Qxd7+ {[%clk 00:43:14]}
{[%emt 00:01:53]} Nxd7 {[%clk 01:02:16]} {[%emt 00:00:23]} 19. Rfc1 {[%emt
00:04:05]} c6 {[%clk 00:59:59]} {[%emt 00:01:00]} 20. d5 {[%clk 00:39:51]}
{[%emt 00:02:06]} c5 {[%clk 00:58:55]} {[%emt 00:01:34]} 21. b4 {[%clk
00:38:45]} {[%emt 00:01:36]} Nf6 {[%clk 00:58:48]} {[%emt 00:00:38]} 22. d6
{[%clk 00:34:49]} {[%emt 00:04:25]} Bxd6 {[%clk 00:57:27]} {[%emt 00:01:51]}
23. Bxd6 {[%clk 00:35:02]} {[%emt 00:00:18]} Rxd6 {[%clk 00:57:49]} {[%emt
00:00:07]} 24. Rxc5+ {[%clk 00:31:52]} {[%emt 00:03:40]} Kb8 {[%clk 00:57:38]}
{[%emt 00:00:39]} 25. Rd1 {[%clk 00:30:09]} {[%emt 00:02:14]} Rhd8 {[%clk
00:56:50]} {[%emt 00:01:19]} 26. Rxd6 {[%clk 00:29:14]} {[%emt 00:01:25]} Rxd6
{[%clk 00:56:56]} {[%emt 00:00:24]} 27. b5 {[%clk 00:27:03]} {[%emt 00:02:41]}
Rd2 {[%clk 00:57:06]} {[%emt 00:00:19]} 28. Bc4 {[%clk 00:23:53]} {[%emt
00:03:41]} Rd1+ {[%clk 00:56:55]} {[%emt 00:00:41]} 29. Kh2 {[%clk 00:23:45]}
{[%emt 00:00:38]} Ra1 {[%clk 00:56:59]} {[%emt 00:00:24]} 30. bxa6 {[%clk
00:22:11]} {[%emt 00:02:05]} Rxa3 {[%clk 00:56:15]} {[%emt 00:01:15]} 31. axb7
{[%clk 00:22:01]} {[%emt 00:00:40]} Kxb7 {[%clk 00:56:32]} {[%emt 00:00:11]}
32. Rb5+ {[%clk 00:18:30]} {[%emt 00:04:03]} Kc6 {[%clk 00:55:21]} {[%emt
00:01:41]} 33. Re5 {[%clk 00:14:44]} {[%emt 00:04:15]} Rc3 {[%clk 00:54:58]}
{[%emt 00:00:53]} 34. Bf7 {[%clk 00:09:25]} {[%emt 00:03:25]} Kd6 {[%clk
00:53:39]} {[%emt 00:04:13]} 35. Ra5 {[%clk 00:08:49]} {[%emt 00:01:08]} Rc2
{[%clk 00:52:56]} {[%emt 00:01:12]} 36. Bxg6 {[%clk 00:08:11]} {[%emt
00:01:07]} Rxf2 {[%clk 00:52:55]} {[%emt 00:00:29]} 37. Bxf5 {[%clk 00:07:04]}
{[%emt 00:01:38]} Nd5 {[%clk 00:52:49]} {[%emt 00:00:35]} 38. Bxe4 {[%clk
00:05:02]} {[%emt 00:02:34]} Nxe3 {[%clk 00:53:14]} {[%emt 00:00:06]} 39. Ra6+
{[%clk 00:04:57]} {[%emt 00:00:35]} Ke5 {[%clk 00:53:28]} {[%emt 00:00:14]} 40.
Bf3 {[%clk 00:04:59]} {[%emt 00:00:31]} Nf5 {[%clk 00:52:21]} {[%emt 00:01:37]}
41. Ra5+ {[%clk 00:04:03]} {[%emt 00:01:26]} Kf4 {[%clk 00:52:35]} {[%emt
00:00:15]} 42. Ra4+ {[%clk 00:03:45]} {[%emt 00:00:49]} Kg5 {[%clk 00:51:25]}
{[%emt 00:01:38]} 43. Rg4+ {[%clk 00:03:14]} {[%emt 00:01:02]} Kf6 {[%clk
00:50:18]} {[%emt 00:01:32]} 44. Rf4 {[%clk 00:02:25]} {[%emt 00:01:24]} g5
{[%clk 00:50:20]} {[%emt 00:00:27]} 45. Rg4 {[%clk 00:00:51]} {[%emt 00:02:05]}
Ne3 {[%clk 00:49:48]} {[%emt 00:01:02]} 46. Rg3 {[%clk 00:15:13]} {[%emt
00:01:05]} Rd2 {[%clk 01:02:42]} {[%emt 00:02:32]} 47. Kg1 {[%clk 00:14:16]}
{[%emt 00:01:34]} Nf5 {[%clk 01:01:37]} {[%emt 00:01:34]} 48. Rg4 {[%clk
00:13:58]} {[%emt 00:00:49]} Nh4 {[%clk 01:00:43]} {[%emt 00:01:24]} 49. Kf1
{[%clk 00:12:30]} {[%emt 00:01:57]} Nf5 {[%clk 01:00:36]} {[%emt 00:00:37]} 50.
Ke1 {[%clk 00:11:00]} {[%emt 00:02:01]} Rb2 {[%clk 01:00:40]} {[%emt 00:00:24]}
51. Kf1 {[%clk 00:11:14]} {[%emt 00:00:18]} Ne3+ {[%clk 01:01:07]} {[%emt
00:00:02]} 52. Ke1 {[%clk 00:10:00]} {[%emt 00:01:43]} Nxg4 {[%clk 01:00:42]}
{[%emt 00:00:56]} 53. hxg4 {[%clk 00:09:54]} {[%emt 00:00:37]} Ke5 {[%clk
01:00:46]} {[%emt 00:00:25]} 54. Kd1 {[%clk 00:09:37]} {[%emt 00:00:47]} Kf4
{[%clk 01:00:45]} {[%emt 00:00:31]} 55. Ke1 {[%clk 00:09:30]} {[%emt 00:00:38]}
Kg3 {[%clk 01:01:01]} {[%emt 00:00:14]} 56. Kf1 {[%clk 00:09:13]} {[%emt
00:00:46]} Rf2+ {[%clk 01:00:39]} {[%emt 00:00:53]} 57. Kg1 {[%clk 00:09:07]}
{[%emt 00:00:36]} Rxf3 {[%clk 01:00:55]} {[%emt 00:00:13]} 58. gxf3 {[%clk
00:09:20]} {[%emt 00:00:18]} Kxf3 {[%clk 01:01:17]} {[%emt 00:00:08]} 59. Kf1
{[%clk 00:09:30]} {[%emt 00:00:20]} Kxg4 {[%clk 01:01:36]} {[%emt 00:00:10]}
60. Kg2 {[%clk 00:09:40]} {[%emt 00:00:20]} Kf4 {[%clk 00:58:44]} {[%emt
00:03:22]} 61. Kf2 {[%clk 00:10:01]} {[%emt 00:00:10]} g4 {[%clk 00:58:50]}
{[%emt 00:00:24]} 62. Kg2 {[%clk 00:10:18]} {[%emt 00:00:12]} g3 {[%clk
00:58:52]} {[%emt 00:00:28]} 63. Kg1 {[%clk 00:10:30]} {[%emt 00:00:19]} Kg4
{[%clk 00:59:12]} {[%emt 00:00:10]} 64. Kg2 {[%clk 00:10:48]} {[%emt 00:00:11]}
Kh4 {[%clk 00:59:23]} {[%emt 00:00:19]} 65. Kg1 {[%clk 00:10:52]} {[%emt
00:00:27]} Kh3 {[%clk 00:59:34]} {[%emt 00:00:18]} 66. Kh1 {[%clk 00:11:15]}
{[%emt 00:00:07]} g2+ {[%clk 01:00:00]} {[%emt 00:00:05]} 67. Kg1 {[%clk
00:11:36]} {[%emt 00:00:08]} Kg3 {[%clk 01:00:01]} {[%emt 00:00:30]} 1/2-1/2